| Tag |
First Indicator |
Second Indicator |
Subfields |
| LEADER |
00000cam a2200000 4500 |
| 001 |
in00000053138 |
| 005 |
20151007080450.0 |
| 008 |
751205s1951 paua 00000 eng |
| 010 |
|
|
|a 51002628
|
| 035 |
|
|
|a (OCoLC)01878554
|
| 035 |
|
|
|9 AAF4867AM
|
| 040 |
|
|
|a DLC
|c FQG
|d TXA
|d UtOrBLW
|
| 049 |
|
|
|a TXAM
|c [192035]
|
| 050 |
0 |
0 |
|a BD558
|b .R4
|
| 082 |
0 |
|
|a 147
|
| 092 |
|
|
|a 147
|b R375n
|
| 100 |
1 |
|
|a Reiser, Oliver Leslie,
|d 1895-1974.
|
| 245 |
1 |
0 |
|a Nature, man, and God ;
|b a synthesis of pantheism and scientific humanism.
|
| 264 |
|
1 |
|a [Pittsburgh] :
|b University of Pittsburgh Press,
|c 1951.
|
| 300 |
|
|
|a ii, 152 pages :
|b illustrations ;
|c 28 cm.
|
| 336 |
|
|
|a text
|b txt
|2 rdacontent
|
| 337 |
|
|
|a unmediated
|b n
|2 rdamedia
|
| 338 |
|
|
|a volume
|b nc
|2 rdacarrier
|
| 650 |
|
0 |
|a Pantheism.
|
| 650 |
|
0 |
|a Humanism.
|
| 999 |
|
|
|a MARS
|
| 999 |
f |
f |
|s 46f89f56-02f3-3ba0-b55d-30256c4f4904
|i dd21d50d-9e9d-35c6-bd3f-4cf8d662426c
|t 0
|
| 952 |
f |
f |
|p normal
|a Texas A&M University
|b College Station
|c Sterling C. Evans Library
|d Evans: Library Stacks
|t 0
|e BD558 .R4
|h Library of Congress classification
|i unmediated -- volume
|m A14800519153
|
| 998 |
f |
f |
|a BD558 .R4
|t 0
|l Evans: Library Stacks
|